00699cam a2200193 i 4500999001700000008004100017010001700058020001500075050002200090100002500112245004000137250001100177260005300188300006800241500002000309650001900329942003400348952012300382 c17199d17199750326s1974 nyuaf bc 001 0beng  a 74009200  a080140855500aND623.F5 P65 1974 aPope-Hennessy, John 00aFra Angelico /cJohn Pope-Hennessy. a2d ed. aIthaca, N.Y. :bCornell University Press,c1974. avi, 242 p., [32] leaves of plates :bill. (some col.) ;c32 cm. aIncludes index. aFraxAngelico. 2lcccBOOKShND623.F5 P65 1974 00102lcc4070aMUCbMUCcTECHd2016-11-22eDonation(BFA)l0oND623.F5 P65 1974p28055r2018-07-12w2016-11-22yBOOKS